000 00538nam a2200193Ia 4500
005 20250326145320.0
008 250326s9999 xx 000 0 und d
037 _aTextbook
040 _aFMSL
_beng
_cFMSL
041 _aeng
_2eng
084 _aX65.2s Q0
_qFMSL
100 _aShukla R
245 0 _aHow India earns spends and saves: unmasking the real India
_cShukla R
260 _aNew Delhi
_bNew Delhi, Sage
_c2010
365 _b1600
650 _aManagement
942 _cTB
_hX65.2s Q0
999 _c1307150
_d1307150